Political foundations for becoming a teacher (Record no. 24641)
[ view plain ]
| 000 -LEADER | |
|---|---|
| fixed length control field | 00619nam a22001937a 4500 |
| 003 - CONTROL NUMBER IDENTIFIER | |
| control field | OSt |
| 005 - DATE AND TIME OF LATEST TRANSACTION | |
| control field | 20260617155754.0 |
| 008 - FIXED-LENGTH DATA ELEMENTS--GENERAL INFORMATION | |
| fixed length control field | 260617b |||||||| |||| 00| 0 eng d |
| 020 ## - INTERNATIONAL STANDARD BOOK NUMBER | |
| International Standard Book Number | 0205424244 |
| 040 ## - CATALOGING SOURCE | |
| Transcribing agency | Chuka university library |
| 100 ## - MAIN ENTRY--PERSONAL NAME | |
| Personal name | Parkay W.Forrest |
| 9 (RLIN) | 29893 |
| 245 ## - TITLE STATEMENT | |
| Title | Political foundations for becoming a teacher |
| 260 ## - PUBLICATION, DISTRIBUTION, ETC. | |
| Place of publication, distribution, etc. | Boston |
| Name of publisher, distributor, etc. | Pearson publishers |
| Date of publication, distribution, etc. | 2006 |
| 300 ## - PHYSICAL DESCRIPTION | |
| Extent | various pagings |
| Other physical details | illustrations |
| 650 ## - SUBJECT ADDED ENTRY--TOPICAL TERM | |
| Topical term or geographic name entry element | Education---political aspects---united states |
| 9 (RLIN) | 29726 |
| 650 ## - SUBJECT ADDED ENTRY--TOPICAL TERM | |
| Topical term or geographic name entry element | Education and states--united states |
| 9 (RLIN) | 29894 |
| 650 ## - SUBJECT ADDED ENTRY--TOPICAL TERM | |
| Topical term or geographic name entry element | Teaching united states |
| 9 (RLIN) | 28742 |
| 942 ## - ADDED ENTRY ELEMENTS (KOHA) | |
| Source of classification or shelving scheme | Library of Congress Classification |
| Koha item type | Long Loan Books |
| Suppress in OPAC | No |
| Withdrawn status | Lost status | Source of classification or shelving scheme | Damaged status | Not for loan | Home library | Current library | Date acquired | Total Checkouts | Full call number | Barcode | Date last seen | Cost, replacement price | Price effective from | Koha item type |
|---|---|---|---|---|---|---|---|---|---|---|---|---|---|---|
| Library of Congress Classification | Main Campus Library | Main Campus Library | 17/06/2026 | LC 89 .P3 2006 | 35195/2026 | 17/06/2026 | 834.89 | 17/06/2026 | Long Loan Books |
